| 000 | 00384nam a2200121Ia 4500 | ||
|---|---|---|---|
| 008 | 230907s9999||||xx |||||||||||||| ||und|| | ||
| 082 |
_a333.793230973 _bSTU |
||
| 100 |
_aStudebaker, John M. _9115798 |
||
| 245 | 0 | _aMaximizing energy savings and minimizing costs / | |
| 260 |
_aFairmont Press ; | CRC Press, _bLilburn, GA : | Boca Raton : _c2009 |
||
| 300 | _aix, 346 p. : | ||
| 942 | _cBK | ||
| 999 |
_c599572 _d599572 |
||